| 000 | 00885nam a2200241 i 4500 | ||
|---|---|---|---|
| 001 | 179460 | ||
| 003 | ES-MaACL | ||
| 005 | 20251122063139.0 | ||
| 008 | 111207s1970 mx |||| | spa d | ||
| 080 | _a929 Borges, Jorge Luis (049.3) | ||
| 100 | 1 |
_aBorges, Jorge Luis, _d1899-1986 _9242526 |
|
| 245 | 1 | 3 |
_aEl escritor y su obra _b: entrevistas de Georges Charbonnier con Jorge Luis Borges / _ctraducción de Martí Soler. |
| 250 | _a2 ª ed. en español. | ||
| 260 |
_aMéxico D.F. : _bSiglo XXI, _c1970. |
||
| 300 |
_aVII, 92 p. ; _c15 cm. |
||
| 490 | 1 |
_aMínima literaria ; _v7 |
|
| 600 | 1 | 7 |
_aBorges, Jorge Luis- _vEntrevistas. _930463 |
| 700 | 1 |
_aCharbonnier, Georges. _9148687 |
|
| 700 | 1 |
_aSoler Vinyes, Martí. _9107197 |
|
| 830 | 0 |
_aMínima literaria ; _v7 _9224469 |
|
| 852 |
_aES-MaACL _j2308-F-1 _z. - Donativo M. A. Velasco |
||
| 999 |
_c179460 _d179460 |
||